ATOMIC BOMBS - Statistics

General Stats
  • This quiz has been taken 120 times
  • The average score is 3 of 8
Answer Stats
Date and explosion strength Bomb's name % Correct
6 AUGUST 1945, 16 KT USA Little boy
89%
9 AUGUST 1945, 20 KT USA Fat Man
87%
1 MARCH 1954, 15 MT USA Castle Bravo
33%
31 OCTOBER 1952, 10 MT USA Ivy Mike
16%
16 JULY 1945, 20 KT USA Gadget
14%
29 AUGUST 1949, 22 KT USSR RDS 1
10%
3 OCTOBER 1952, 25 KT GB Hurricane
7%
30 OCTOBER 1961, 50 MT USSR Car Bomb
6%
No matching quizzes found
Score Distribution
Percent of People with Each Score
Percentile by Number Answered
Your Score History
You have not taken this quiz